Loading...
Fine Arts - Classical Music | 8 | 17.50 | 100% | 75% | 0% |
Fine Arts - Other Fine Arts | 8 | 21.25 | 100% | 75% | 38% |
Fine Arts - Painting & Sculpture | 10 | 20.00 | 100% | 60% | 40% |
History - American History | 11 | 19.09 | 91% | 100% | 0% |
History - European History | 10 | 12.00 | 80% | 30% | 10% |
History - Other History | 9 | 10.00 | 89% | 11% | 0% |
History - World History | 5 | 20.00 | 100% | 60% | 40% |
Literature - American Literature | 10 | 18.00 | 100% | 70% | 10% |
Literature - British Literature | 9 | 17.78 | 100% | 78% | 0% |
Literature - European Literature | 7 | 21.43 | 100% | 71% | 43% |
Literature - World Literature | 10 | 21.00 | 100% | 90% | 20% |
Mythology | 11 | 16.36 | 100% | 64% | 0% |
Other | 9 | 20.00 | 100% | 89% | 11% |
Philosophy | 8 | 16.25 | 100% | 63% | 0% |
Religion | 12 | 15.83 | 92% | 50% | 17% |
Science - Biology | 13 | 18.46 | 100% | 69% | 15% |
Science - Chemistry | 9 | 16.67 | 89% | 67% | 11% |
Science - Other Science | 9 | 15.56 | 100% | 56% | 0% |
Science - Physics | 9 | 12.22 | 78% | 44% | 0% |
Social Science | 12 | 20.00 | 100% | 83% | 17% |